000 00288nam a22001337a 4500
008 170404b xxu||||| |||| 00| 0 eng d
020 _a046442792097
041 _aeng
080 _a574
100 _a9
101 _aSHM
245 _aENVIROMENTAL ALMANAC
_cHAMMOND.CH.A
942 _2udc
_cBK
999 _c9653
_d9653